Kirchenschutz und Landesherrschaft in der Mark Brandenburg im späten 15. und frühen 16. Jahrhundert
| Titel: | Kirchenschutz und Landesherrschaft in der Mark Brandenburg im späten 15. und frühen 16. Jahrhundert |
|---|---|
| Verfasser: | |
| In: |
Jahrbuch für die Geschichte Mittel- und Ostdeutschlands, Band 28 (1979), Seite 179 alle Artikel anzeigen |
| Veröffentlicht: | 1979 |
| Format: | Aufsatz |
| Sprache: | Deutsch |
X
alg: 39222115 001A $01999:11-11-16 001B $01999:18-04-19 $t22:34:44.000 001C $06050:19-11-16 $t08:29:24.000 001D $01999:11-11-16 001U $0utf8 001X $00 002@ $0Aox 003@ $0392221152 007A $0392221152 $aHEB 007T $0Herdc0042554h 010@ $ager 011@ $a1979 021A $aKirchenschutz und Landesherrschaft in der Mark Brandenburg im späten 15. und frühen 16. Jahrhundert 028A $aHahn $dPeter-Michael 031A $d28 $h179 $j1979 039B $aIn $8--Abvc--. Jahrbuch für die Geschichte Mittel- und Ostdeutschlands. - Berlin ; Boston : de Gruyter, 1953-. - ISSN 0075-2614 $x197900000280000821 $9046839720 045T $a8,1 045T $aGER $qDE-30 $2FID lok: 39222115 78 exp: 39222115 78 1 #EPN 201B/01 $019-04-17 $t11:06:06.000 201U/01 $0utf8 203@/01 $0788317407 208@/01 $a11-11-16 $be 209A/01 $a/ $f000 $x00 220C/01 $aAnmerkung: *11 244Z/01 $2Trx $8--Trx--Zeitschriftenaufsatz $x01 $9391384341 247C/01 $82080>Marburg/Lahn, Herder-Institut, Forschungsbibliothek, Bibliographieportal $9336309341
| LEADER | 00000caa a22000002c 4500 | ||
|---|---|---|---|
| 001 | 392221152 | ||
| 003 | DE-603 | ||
| 005 | 20190418223444.0 | ||
| 007 | tu | ||
| 008 | 161111s1979 xx |||| | u00||u|ger c | ||
| 035 | |a (DE-599)HEB392221152 | ||
| 040 | |a DE-603 |b ger |c DE-603 |d DE-603 | ||
| 041 | |a ger | ||
| 084 | |a 8,1 |2 ssgn | ||
| 084 | |a GER |q DE-30 |2 fid | ||
| 100 | 1 | |a Hahn, Peter-Michael | |
| 245 | 0 | 0 | |a Kirchenschutz und Landesherrschaft in der Mark Brandenburg im späten 15. und frühen 16. Jahrhundert |
| 264 | 0 | |c 1979 | |
| 773 | 0 | 8 | |i In |t Jahrbuch für die Geschichte Mittel- und Ostdeutschlands |d Berlin ; Boston : de Gruyter, 1953- |h 24 cm |x 0075-2614 |g Band 28 (1979), Seite 179 |w (DE-603)046839720 |w (DE-600)2545-8 |
| 924 | 0 | |9 2080 |a (DE-603)788317407 |b DE-2080 |c HES |d d |g / | |


